| Tag |
First Indicator |
Second Indicator |
Subfields |
| LEADER |
00000cam a2200000M 4500 |
| 001 |
in00002646913 |
| 005 |
20151202120602.0 |
| 008 |
890329s1754 ne a 000 1 fre d |
| 035 |
|
|
|a (OCoLC)ocm23630672
|
| 035 |
|
|
|a (OCoLC)23630672
|
| 040 |
|
|
|a EYM
|c EYM
|d OCLCQ
|d OCLCG
|d TXA
|d UtOrBLW
|
| 041 |
1 |
|
|a fre
|h und
|
| 049 |
|
|
|a TXAM
|
| 050 |
|
4 |
|a PR 3318
|b .B32 M54 1754
|
| 090 |
|
|
|a PR3318.B35
|b M414 1754
|
| 100 |
1 |
|
|a Berington, Simon,
|d 1680-1755.
|
| 245 |
1 |
0 |
|a Memoires de Gaudence de Luques [pseud.] prisonnier de l'Inquisition :
|b augmentés de plusieurs cahiers qui avoient été perdus ȧ la douane de Marseille /
|c enrichis des savantes remarques de Mr. Rhedi ...
|
| 264 |
|
1 |
|a A Amsterdam et a
|a Leipzig :
|b Chez Arkstée & Merkus,
|c 1754.
|
| 300 |
|
|
|a 4 parts in 1 volume :
|b frontispiece ;
|c 17 cm.
|
| 336 |
|
|
|a text
|b txt
|2 rdacontent
|
| 337 |
|
|
|a unmediated
|b n
|2 rdamedia
|
| 338 |
|
|
|a volume
|b nc
|2 rdacarrier
|
| 500 |
|
|
|a Erroneously attributed to Bishop Berkeley. cf. Halkett & Laing.
|
| 500 |
|
|
|a Translated and enlarged by J.B. Dupuy-Demportes. cf. P.B. Gove, The imaginary voyage in prose fiction.
|
| 650 |
|
0 |
|a Voyages, Imaginary.
|
| 650 |
|
0 |
|a Utopias.
|
| 700 |
1 |
|
|a Berkeley, George,
|d 1685-1753,
|e supposed author.
|
| 700 |
1 |
|
|a Dupuy-Demportes,
|c M.
|q (Jean-Baptiste),
|d -1770,
|e translator,
|e editor.
|
| 776 |
0 |
8 |
|i Online version:
|a Berington, Simon, 1680-1755.
|t Memoires de Gaudence de Luques [pseud.] prisonnier de l'Inquisition.
|d A Amsterdam et a Leipzig, Chez Arkstée & Merkus, 1754
|w (OCoLC)586905318
|
| 776 |
0 |
8 |
|i Online version:
|a Berington, Simon, 1680-1755.
|t Memoires de Gaudence de Luques [pseud.] prisonnier de l'Inquisition.
|d A Amsterdam et a Leipzig, Chez Arkstée & Merkus, 1754
|w (OCoLC)631581757
|
| 948 |
|
|
|a cataloged
|b h
|c 2011/4/11
|d c
|e hgolay
|f 5:29:13 pm
|
| 994 |
|
|
|a C0
|b TXA
|
| 999 |
|
|
|a MARS
|
| 999 |
f |
f |
|s f7a1a8bb-d0f4-303f-ad17-89f541b7ec63
|i d94e789b-de1e-3f8e-bffb-a618a5ff738f
|t 0
|
| 952 |
f |
f |
|p noncirc
|a Texas A&M University
|b College Station
|c Cushing Memorial Library & Archives
|d Cushing: Dawson French (Does not check out)
|t 0
|e PR3318.B35 M414 1754
|h Library of Congress classification
|i unmediated -- volume
|
| 998 |
f |
f |
|a PR3318.B35 M414 1754
|t 0
|l Cushing: Dawson French (Does not check out)
|